TfL London Underground - Circle Line - Statistics

General Stats
  • This quiz has been taken 72 times
  • The average score is 28 of 35
Answer Stats
Answer % Correct
Aldgate
93%
Euston Square
93%
Farringdon
93%
Paddington
93%
Liverpool Street
90%
Baker Street
85%
Embankment
85%
Victoria
85%
Westminster
85%
Barbican
83%
Hammersmith
83%
King's Cross St Pancras
83%
Mansion House
83%
Great Portland Street
80%
Monument
80%
Moorgate
80%
Temple
80%
Tower Hill
80%
Edgware Road
78%
Notting Hill Gate
78%
Sloane Square
78%
South Kensington
78%
Bayswater
76%
Blackfriars
76%
Cannon Street
76%
High Street Kensington
76%
Gloucester Road
73%
Royal Oak
73%
Shepherd's Bush Market
73%
Ladbroke Grove
71%
Goldhawk Road
68%
Wood Lane
68%
Westbourne Park
66%
Latimer Road
63%
St James's Park
63%
No matching quizzes found
Score Distribution
Percent of People with Each Score
Percentile by Number Answered
Your Score History
You have not taken this quiz